000 00332nam a2200133Ia 4500
008 190723s9999 xx 000 0 und d
020 _a978-93-325-2031-3
100 _aSimon Haykin
245 0 _aNeural Networks and learning Machines
250 _a13th
260 _aUter Pardesh
_bPearson
_c2016
300 _a918.:p
942 _cBK
999 _c1760
_d1760